[Event "VEN-ch U20 Girls"]
[Site "Merida"]
[Date "2013.04.??"]
[Round "2"]
[White "Guacache, Andreina"]
[Black "Millan Gonzalez, Yuneitsy Del"]
[Result "1/2-1/2"]
[WhiteElo "1251"]
[BlackElo "1346"]
[PlyCount "102"]
[EventDate "2013.04.23"]
[EventType "swiss"]
[EventRounds "7"]
[EventCountry "VEN"]
[SourceTitle "EXT 2015"]
[Source "ChessBase"]
[SourceDate "2014.11.20"]
[SourceVersion "1"]
[SourceVersionDate "2014.11.20"]
[SourceQuality "1"]

1. e4 e6 2. d4 d5 3. e5 c5 4. c3 Nc6 5. Nf3 Qb6 6. Be2 Bd7 7. 0-0 Nh6 8. Na3 Nf5 9. Nc2 Be7 10. h3 h5 11. Rb1 0-0-0 12. Ne3 Nh6 13. Nc2 h4 14. a3 Rdg8 15. b4 c4 16. a4 g5 17. a5 Qd8 18. Nh2 f5 19. exf6 Bxf6 20. Ne3 Ne7 21. Neg4 Ng6 22. Nxf6 Qxf6 23. Ng4 Qe7 24. Nxh6 Rxh6 25. Bg4 Nf4 26. Bxf4 gxf4 27. f3 Rhg6 28. Rf2 Kb8 29. Qe1 Rg5 30. Re2 Qh7 31. Rbb2 Qg6 32. Qxh4 Qf7 33. Qe1 Re8 34. Re5 Qg8 35. Rxg5 Qxg5 36. Qe5+ Qxe5 37. dxe5 Kc7 38. Kf2 Kd8 39. g3 fxg3+ 40. Kxg3 Rf8 41. Rd2 Ke7 42. Rd4 Be8 43. h4 Bg6 44. h5 Bh7 45. Kh4 Bd3 46. Kg3 Bh7 47. f4 Bd3 48. Kh4 Bf5 49. Kg3 Bd3 50. Kf2 Be4 51. Kg3 Bd3 1/2-1/2